Teoría microeconómica (Registro nro. 2782)

Detalles MARC
000 -LEADER
fixed length control field 00922 a2200241 4500
001 - CONTROL NUMBER
control field 37693
005 - DATE AND TIME OF LATEST TRANSACTION
control field 20260407155643.0
008 - FIXED-LENGTH DATA ELEMENTS--GENERAL INFORMATION
fixed length control field 260407a1962 arg spa d
003 - CONTROL NUMBER IDENTIFIER
control field AR-UNSa-BCEJYS
040 ## - CATALOGING SOURCE
Original cataloging agency AR-UNSa-BCEJYS
Language of cataloging spa
Transcribing agency AR-UNSa-BCEJYS
080 ## - UNIVERSAL DECIMAL CLASSIFICATION NUMBER
Universal Decimal Classification number 330.101.542
Common auxiliary subdivision Microeconomía
041 ## - LANGUAGE CODE
Language code of text/sound track or separate title spa
100 1# - MAIN ENTRY--PERSONAL NAME
Personal name Figueroa, Emilio de
245 10 - TITLE STATEMENT
Title Teoría microeconómica
Name of part/section of a work una aproximación matemática
264 #1 - PRODUCTION, PUBLICATION, DISTRIBUTION, MANUFACTURE, AND COPYRIGHT NOTICE
Place of production, publication, distribution, manufacture Barcelona :
Name of producer, publisher, distributor, manufacturer Ariel
Date of production, publication, distribution, manufacture, or copyright notice 1962
300 ## - PHYSICAL DESCRIPTION
Extent xv, 334 p.
Dimensions 23 cm.
505 ## - FORMATTED CONTENTS NOTE
Formatted contents note 1. Introducción - 2. La teoría de la conducta del consumidor - 3. La teoría de la empresa - 4. El equilibrio del mercado - 5. El equilibrio del multimercado - 6. Competencia monopolística - 7. La economía del bienestar - 8. Optimización temporal
590 ## - LOCAL NOTE (RLIN)
Local note niveau_biblio:m niveau_hierar:0
700 1# - ADDED ENTRY--PERSONAL NAME
Personal name Quandt, Richard E.
700 1# - ADDED ENTRY--PERSONAL NAME
Personal name Henderson, James M.
700 1# - ADDED ENTRY--PERSONAL NAME
Personal name Lasuen, José Ramón
942 ## - ADDED ENTRY ELEMENTS (KOHA)
Koha item type
Existencias
Withdrawn status Lost status Damaged status Not for loan Home library Current library Shelving location Date acquired Total checkouts Full call number Barcode Date last seen Price effective from Koha item type
        Biblioteca Prof. Eusebio Cleto del Rey Biblioteca Prof. Eusebio Cleto del Rey   07/04/2026   330.101.542 H495 L21193 07/04/2026 07/04/2026 Libro
        Biblioteca Prof. Eusebio Cleto del Rey Biblioteca Prof. Eusebio Cleto del Rey   07/04/2026   330.101.542 H495 L21194 07/04/2026 07/04/2026 Libro